| 000 | 00569nam a22001697a 4500 | ||
|---|---|---|---|
| 999 |
_c9099 _d9099 |
||
| 008 | 210323b ||||| |||| 00| 0 eng d | ||
| 040 | _aBMS College of Architecture | ||
| 100 | _aKaradagi, S, Prakruthi | ||
| 245 | _aAqua display research and entertainment centre Aquamarine park - Magalore | ||
| 300 | _a82p. | ||
| 500 | _a1BM06AT027 | ||
| 502 |
_8B.Arch _NBMS College of Architecture, Visvesvaraya Technological University _aProject report _d2011 |
||
| 650 | _aMangalore | ||
| 700 |
_aSindhu Srikanth _eGuide |
||
| 700 |
_aK R Madhu Chand _eGuide |
||
| 942 |
_2ddc _cTHE |
||